| 000 | 00777nam a2200229 u 4500 | ||
|---|---|---|---|
| 001 | 000017009 | ||
| 005 | 20200929165013.0 | ||
| 008 | 100312s1983 dr a r 000 0 spa d | ||
| 040 |
_aDO-SdBNP _bspa _cBNPHU |
||
| 082 |
_a330.97293 _bP962a |
||
| 245 | 0 | 3 | _aEl problema de las alianzas. |
| 260 |
_aSanto Domingo : _bTaller, _c1983. |
||
| 300 |
_a110 p. : _bil, ; _c21 cm. |
||
| 490 | 1 |
_aBiblioteca taller ; _v151 |
|
| 490 | 1 |
_aDebate ; _v6 |
|
| 500 | _aIncluye referencias bibliográficas y notas al pie de las páginas. | ||
| 590 | _aInventariado, 2019/MFF | ||
| 651 | 4 |
_aRepública Dominicana _xCondiciones Económicas _y1961- _97344 |
|
| 650 | 4 |
_aPartidos comunistas _xRepública dominicana _937563 |
|
| 830 | 0 |
_aBiblioteca taller ; _v151 _9164 |
|
| 830 | 0 |
_aDebate ; _v6 _913868 |
|
| 999 |
_c16536 _d16536 |
||